Mathematics in Western culture
Αποθηκεύτηκε σε:
| Κύριος συγγραφέας: | |
|---|---|
| Μορφή: | Βιβλίο |
| Γλώσσα: | English |
| Δημοσίευση: |
Harmondsworth, England :
Penguin Books,
1977, c1953.
|
| Έκδοση: | 1η έκδ., επανεκτύπωση. |
| Σειρά: | A Pelican book
|
| Θέματα: | |
| Ετικέτες: |
Προσθήκη ετικέτας
Δεν υπάρχουν, Καταχωρήστε ετικέτα πρώτοι!
|
MARC
| LEADER | 00000cam a2200000 a 4500 | ||
|---|---|---|---|
| 001 | 1/115936 | ||
| 008 | 180220r19771953enk| ||| |||| ||eng|| | ||
| 020 | |a 0140215468 | ||
| 040 | |a GR-MyUa |b gre |c GR-MyUa |e AACR2 | ||
| 041 | 0 | |a eng | |
| 082 | 7 | |a 510.9 |2 (23) | |
| 100 | 1 | |a Kline, Morris, |d 1908-1992. | |
| 245 | 1 | 0 | |a Mathematics in Western culture / |c Morris Kline. |
| 250 | |a 1η έκδ., επανεκτύπωση. | ||
| 260 | |a Harmondsworth, England : |b Penguin Books, |c 1977, c1953. | ||
| 300 | |a 543, [1] σ. ; |c 18 εκ. | ||
| 490 | 1 | |a (A Pelican book) | |
| 650 | 0 | |a Mathematics |x History. | |
| 767 | 0 | 8 | |i Μεταφρασμένο ως: |t Τα μαθηματικά στο δυτικό πολιτισμό / |
| 830 | 0 | |a A Pelican book | |
| 852 | |a INST |b SAMOS |e 20180220 |h 510.9 KLI |p 005300045209 |q 005300045209 |t BK |y 0 | ||
| 970 | |a Γουβάλα |b Βάσω |z 20-2-1018 | ||